| 000 | 00579nam a2200229 a 4500 | ||
|---|---|---|---|
| 001 | 14020 | ||
| 003 | BD-JhCC | ||
| 005 | 20240523141611.0 | ||
| 008 | 180908s2011 bg |||| |||| 000 0 e d | ||
| 020 | _a100071077375 | ||
| 035 | _a(BD-JhCC)14020 | ||
| 040 |
_aBD-JhCC _dBD-JhCC |
||
| 041 | _aenglish | ||
| 082 |
_a158.1 _bZUF 2011 |
||
| 100 | _a Zufelt, Jack M | ||
| 245 |
_a The Dna Of Success Stories / _c Jack M Zufelt. |
||
| 260 |
_aIndia: _bTata McGraw Hill; _c2011. |
||
| 300 |
_a209 p. : _c22 cm. |
||
| 650 | _aSelf-Development | ||
| 942 |
_2ddc _cBK |
||
| 999 |
_c14020 _d14020 |
||